| 000 | 00721nam a22002297a 4500 | ||
|---|---|---|---|
| 005 | 20251108172122.0 | ||
| 008 | 250721s2002 xx 000 0 ara d | ||
| 082 | 1 | 4 | _aط/808.88/عبد |
| 100 | 1 |
_aعبد الكافي، إسماعيل _eمؤلف |
|
| 245 | 1 | 0 | _aالأبيض و الأسود / |
| 264 | 1 |
_aالقاهرة : _bالدار الثقافية للنشر، _c2002. |
|
| 300 | _a16 ص | ||
| 490 | 0 | _aرباعيات الخيام ؛ 5 | |
| 650 | 1 | 7 | _aأدب الأطفال |
| 650 | 1 | 7 | _aشعر الحكمة |
| 650 | 1 | 7 | _aالحكم |
| 650 | 1 | 7 | _aالمواعظ |
| 653 | _aناشئون صغار (10-14) سنة | ||
| 700 | 1 |
_aيوسف، أبو مسلم _eتأليف |
|
| 942 |
_2ddc _cBK |
||
| 999 |
_c70899 _d70899 |
||